000 00445nam a2200181Ia 4500
001 24651
005 20260414151058.0
008 260414t2012||||xx |||||||||||||| ||spa||
041 _aESP
082 _a345.721
_bG13
100 _aGaillard, Emmanuel
_eAUT
245 0 _aTeoría jurídica del arbitraje internacional
_b
260 _c2012
300 _a142 páginas :
_c26 cm.
650 _aDER
654 _aCDE
942 _cLIB
_dJUS
_fJUS
_2ddc
_n
999 _c24651
_d24651